Emergent probability, computers and insight as information (Record no. 118983)
[ view plain ]
| 000 -LEADER | |
|---|---|
| fixed length control field | 00642nam a22001457a 4500 |
| 008 - FIXED-LENGTH DATA ELEMENTS--GENERAL INFORMATION | |
| fixed length control field | 131203b xxu||||| |||| 00| 0 eng d |
| 050 ## - LIBRARY OF CONGRESS CALL NUMBER | |
| Classification number | B995.L654E36 2010 |
| 100 ## - MAIN ENTRY--PERSONAL NAME | |
| Personal name | Ekwueme, Evaristus Okechukwu |
| 9 (RLIN) | 4814 |
| 245 ## - TITLE STATEMENT | |
| Title | Emergent probability, computers and insight as information |
| Remainder of title | Lonergan's emergent probability, computer aided insights, and their implementation on develpoment in African history |
| Statement of responsibility, etc | Evaristus Okechukwu Ekwueme |
| 260 ## - PUBLICATION, DISTRIBUTION, ETC. (IMPRINT) | |
| Place of publication, distribution, etc | Saarbrücken |
| Name of publisher, distributor, etc | Lap Lambert Academic Publishing |
| Date of publication, distribution, etc | 2010 |
| 300 ## - PHYSICAL DESCRIPTION | |
| Extent | 346p. ; |
| Dimensions | 23cm. |
| 600 ## - SUBJECT ADDED ENTRY--PERSONAL NAME | |
| Personal name | Lonergan, Bernard J. F |
| 9 (RLIN) | 4815 |
| 650 ## - SUBJECT ADDED ENTRY--TOPICAL TERM | |
| Topical term or geographic name as entry element | Computers |
| General subdivision | Philosophy |
| 9 (RLIN) | 4816 |
| 942 ## - ADDED ENTRY ELEMENTS (KOHA) | |
| Source of classification or shelving scheme | Library of Congress Classification |
| Item type | Monograph ( Printed materials) |
| Koha issues (borrowed), all copies | 1 |
| Withdrawn status | Lost status | Source of classification or shelving scheme | Damaged status | Not for loan | Home library | Current library | Date acquired | Total Checkouts | Full call number | Barcode | Checked out | Date last seen | Date last borrowed | Price effective from | Koha item type |
|---|---|---|---|---|---|---|---|---|---|---|---|---|---|---|---|
| Library of Congress Classification | ARRUPE LIBRARY | ARRUPE LIBRARY | 03/12/2013 | 7 | B995.L654E36 2010 | 46411614 | 02/01/2026 | 19/12/2025 | 19/12/2025 | 03/12/2013 | Monograph ( Printed materials) |